[Event "Vienna Tschaturanga op"]
[Site "Vienna"]
[Date "2013.05.08"]
[Round "3"]
[White "Beckhuis, Gernod"]
[Black "Somasundram, Jayakumar"]
[Result "1-0"]
[WhiteElo "2294"]
[BlackElo "1978"]
[PlyCount "55"]
[EventDate "2013.05.06"]
[EventType "swiss"]
[EventRounds "7"]
[EventCountry "AUT"]
[SourceTitle "CBM 154 Extra"]
[Source "ChessBase"]
[SourceDate "2013.06.25"]
[SourceVersion "2"]
[SourceVersionDate "2013.06.25"]
[SourceQuality "1"]

1. Nf3 c5 2. c4 Nc6 3. Nc3 g6 4. e3 e6 5. d4 cxd4 6. exd4 d5 7. cxd5 exd5 8. Qb3 Nge7 9. Bb5 Bg7 10. 0-0 0-0 11. Bg5 Nxd4 12. Nxd4 Bxd4 13. Rad1 Bxc3 14. Qxc3 Bg4 15. Rde1 Be6 16. Qc5 f6 17. Rxe6 Nf5 18. Bf4 b6 19. Qb4 a5 20. Qa4 g5 21. Bd2 Rc8 22. Rfe1 Nd6 23. Bd3 Rc5 24. b4 Rc8 25. bxa5 Nc4 26. Bb4 bxa5 27. Bxf8 Qxf8 28. Re8 1-0

[Event "Vienna Husek op-A"]
[Site "Vienna"]
[Date "2012.08.16"]
[Round "4"]
[White "Beckhuis, Gernod"]
[Black "Bilguun, Sumiya"]
[Result "1/2-1/2"]
[WhiteElo "2288"]
[BlackElo "2177"]
[PlyCount "99"]
[EventDate "2012.08.13"]
[EventType "swiss"]
[EventRounds "7"]
[EventCountry "AUT"]
[SourceTitle "CBM 149 Extra"]
[Source "ChessBase"]
[SourceDate "2012.08.24"]
[SourceVersion "1"]
[SourceVersionDate "2012.08.24"]
[SourceQuality "1"]

1. Nf3 c5 2. g3 b6 3. Bg2 Bb7 4. 0-0 Nf6 5. b3 e6 6. Bb2 Be7 7. c4 d6 8. Re1 0-0 9. Nc3 Nbd7 10. e4 a6 11. d4 cxd4 12. Nxd4 Qc7 13. f4 Rad8 14. Rc1 Qb8 15. f5 e5 16. Nd5 Nxd5 17. exd5 Bg5 18. Nc6 Bxc6 19. dxc6 Bxc1 20. Bxc1 Nf6 21. Bg5 Qc7 22. Bd5 Qe7 23. Re4 h6 24. Bh4 Kh7 25. g4 g5 26. Bf2 Nxe4 27. Bxe4 f6 28. Bxb6 Rb8 29. Bf2 Rfc8 30. Qd5 Rc7 31. Qa5 Rbc8 32. Qxa6 Qe8 33. a4 Rxc6 34. Bxc6 Rxc6 35. Qb7+ Kg8 36. a5 Qc8 37. Qxc8+ Rxc8 38. a6 Kf7 39. Kf1 d5 40. cxd5 Ke7 41. b4 Kd6 42. b5 Rc1+ 43. Ke2 Ra1 44. Kd3 Ra2 45. Bb6 Kxd5 46. Kc3 Ra4 47. Kb3 Ra1 48. Kb2 Ra4 49. Kb3 Ra1 50. Kb2 1/2-1/2

[Event "Vienna op 17th"]
[Site "Vienna"]
[Date "2011.08.21"]
[Round "9"]
[White "Beckhuis, Gernod"]
[Black "Lekic, Dusan"]
[Result "1/2-1/2"]
[WhiteElo "2300"]
[BlackElo "2378"]
[PlyCount "106"]
[EventDate "2011.08.13"]
[EventType "swiss"]
[EventRounds "9"]
[EventCountry "AUT"]
[SourceTitle "CBM 143 Extra"]
[Source "ChessBase"]
[SourceDate "2011.08.29"]
[SourceVersion "1"]
[SourceVersionDate "2011.08.29"]
[SourceQuality "1"]

1. d4 d5 2. c4 c6 3. Nf3 Nf6 4. Nc3 e6 5. e3 Nbd7 6. Bd3 dxc4 7. Bxc4 b5 8. Bd3 Bb7 9. 0-0 a6 10. e4 c5 11. d5 Qc7 12. Bc2 c4 13. Nd4 Nc5 14. b4 cxb3 15. axb3 b4 16. Na4 Ncxe4 17. dxe6 Bd6 18. exf7+ Kxf7 19. g3 Rad8 20. Re1 Be5 21. Bb2 Ng5 22. Rc1 Qa5 23. Nc5 Bxd4 24. Nxb7 Qd5 25. Nxd8+ Rxd8 26. Be4 Ngxe4 27. Qxd4 Qxd4 28. Bxd4 Rxd4 29. Rc7+ Kg6 30. Ra1 Rd6 31. Rb7 Nd5 32. Rd1 Nc5 33. Rxb4 Nxb4 34. Rxd6+ Kf7 35. Rd1 Ke6 36. Re1+ Kd6 37. Rb1 Kd5 38. Rd1+ Ncd3 39. Rd2 Kd4 40. Re2 Kc3 41. Re7 g6 42. Rxh7 Kxb3 43. h4 a5 44. h5 gxh5 45. Rxh5 a4 46. Ra5 a3 47. f4 a2 48. f5 Nc5 49. Rxa2 Nxa2 50. g4 Nc3 51. g5 N3e4 52. f6 Nxg5 53. f7 Nxf7 1/2-1/2

[Event "Vienna op 17th"]
[Site "Vienna"]
[Date "2011.08.19"]
[Round "7"]
[White "Beckhuis, Gernod"]
[Black "Poetz, Florian"]
[Result "1/2-1/2"]
[WhiteElo "2300"]
[BlackElo "2416"]
[PlyCount "120"]
[EventDate "2011.08.13"]
[EventType "swiss"]
[EventRounds "9"]
[EventCountry "AUT"]
[SourceTitle "CBM 143 Extra"]
[Source "ChessBase"]
[SourceDate "2011.08.29"]
[SourceVersion "1"]
[SourceVersionDate "2011.08.29"]
[SourceQuality "1"]

1. d4 Nf6 2. c4 e6 3. Nf3 Bb4+ 4. Bd2 c5 5. Bxb4 cxb4 6. g3 0-0 7. Bg2 d6 8. 0-0 Re8 9. a3 Nc6 10. axb4 Nxb4 11. Nc3 Bd7 12. Qb3 a5 13. Na2 Nxa2 14. Qxa2 Bc6 15. Rfd1 b5 16. d5 exd5 17. Nd4 Qd7 18. cxb5 Bb7 19. Rd3 Rec8 20. Nc6 Bxc6 21. bxc6 Qxc6 22. Bxd5 Nxd5 23. Qxd5 Qxd5 24. Rxd5 Rab8 25. Raxa5 Rxb2 26. e3 Rb6 27. Ra7 g6 28. Rd7 Rcc6 29. Rd4 d5 30. R4xd5 h5 31. Rd4 Kg7 32. h3 Rb2 33. g4 hxg4 34. hxg4 Rf6 35. Rd2 Rxd2 36. Rxd2 g5 37. Kg2 Rb6 38. Rd3 Rb4 39. Kg3 Ra4 40. Rd5 Kg6 41. Rd6+ Kg7 42. Rd5 Kg6 43. f4 gxf4+ 44. exf4 Kg7 45. Rg5+ Kh7 46. f5 Kh6 47. Rg8 Kh7 48. Rg5 Kh6 49. Kh4 Ra1 50. Rh5+ Kg7 51. Kg5 f6+ 52. Kf4 Ra4+ 53. Kf3 Ra3+ 54. Ke2 Ra2+ 55. Kd3 Ra3+ 56. Kc2 Ra4 57. Rh4 Rf4 58. Kd3 Ra4 59. Ke3 Rb4 60. Kd3 Ra4 1/2-1/2

[Event "Vienna Stilwerk Masters"]
[Site "Vienna"]
[Date "2011.08.11"]
[Round "9"]
[White "Van Oosterom, Chiel"]
[Black "Beckhuis, Gernod"]
[Result "1-0"]
[WhiteElo "2408"]
[BlackElo "2300"]
[PlyCount "65"]
[EventDate "2011.08.03"]
[EventType "team-tourn"]
[EventRounds "9"]
[EventCountry "AUT"]
[SourceTitle "CBM 143 Extra"]
[Source "ChessBase"]
[SourceDate "2011.08.29"]
[SourceVersion "1"]
[SourceVersionDate "2011.08.29"]
[SourceQuality "1"]
[WhiteTeam "Netherlands"]
[BlackTeam "Wien Austria"]
[WhiteTeamCountry "NED"]
[BlackTeamCountry "AUT"]

1. c4 e6 2. g3 d5 3. Bg2 Nf6 4. Nf3 Be7 5. 0-0 0-0 6. b3 c6 7. Bb2 b6 8. e3 Bb7 9. Nc3 Nbd7 10. Rc1 Rc8 11. Qc2 Qc7 12. Qb1 dxc4 13. bxc4 c5 14. Rfe1 Qb8 15. e4 Rfd8 16. h3 Qa8 17. Re3 Ne8 18. Ne2 Bf6 19. e5 Nxe5 20. Bxe5 Bxe5 21. Ng5 Bf6 22. Qxh7+ Kf8 23. Bxb7 Qxb7 24. Ne4 Bb2 25. Re1 Nf6 26. Nxf6 Bxf6 27. Nf4 Rxd2 28. Nd5 Rxd5 29. cxd5 e5 30. d6 g6 31. Rxe5 Rd8 32. Re7 Qd5 33. d7 1-0

[Event "AUT-chT2O 0910"]
[Site "Austria"]
[Date "2010.01.31"]
[Round "6.1"]
[White "Beckhuis, Gernod"]
[Black "Polak, Tomas"]
[Result "0-1"]
[WhiteElo "2303"]
[BlackElo "2507"]
[PlyCount "126"]
[EventDate "2009.10.17"]
[EventType "team-tourn"]
[EventRounds "11"]
[EventCountry "AUT"]
[SourceTitle "EXT 2011"]
[Source "ChessBase"]
[SourceDate "2010.11.26"]
[SourceVersion "1"]
[SourceVersionDate "2010.11.26"]
[SourceQuality "1"]
[WhiteTeam "Wien Austria"]
[BlackTeam "Zwettl"]
[WhiteTeamCountry "AUT"]
[BlackTeamCountry "AUT"]

1. Nf3 b6 2. e4 Bb7 3. Nc3 e6 4. d4 Bb4 5. Bd3 Nf6 6. Nd2 0-0 7. 0-0 Nc6 8. Ne2 Nh5 9. c3 Be7 10. f4 f5 11. exf5 exf5 12. Kh1 g6 13. b3 Bf6 14. Ba3 d6 15. Qc2 Qd7 16. Rae1 Nd8 17. c4 Ne6 18. d5 Nc5 19. Ng3 Nxg3+ 20. hxg3 c6 21. Be2 cxd5 22. cxd5 Rac8 23. Qd1 Bxd5 24. Nc4 Qc6 25. Bf3 Bxf3 26. gxf3 Rcd8 27. Bb2 Bxb2 28. Nxb2 Rfe8 29. Nc4 Ne6 30. a4 a6 31. Qa1 b5 32. axb5 axb5 33. Ne3 Nc5 34. Qc3 Qb7 35. b4 Ne6 36. Qf6 Ng7 37. Kg2 Rd7 38. Qd4 Rde7 39. Kf2 Ne6 40. Qd3 Qb6 41. Kg2 Nxf4+ 42. gxf4 Rxe3 43. Rxe3 Rxe3 44. Qd5+ Kg7 45. Rd1 Re2+ 46. Kh3 Qf2 47. Qd4+ Qxd4 48. Rxd4 Rb2 49. Kg3 h5 50. Kh4 Kh6 51. Kg3 Rb3 52. Rxd6 Rxb4 53. Rb6 Rb2 54. Rb8 b4 55. Rh8+ Kg7 56. Rb8 b3 57. Kh3 Rb1 58. Kg3 b2 59. Kg2 h4 60. Rb7+ Kf6 61. Rb6+ Ke7 62. Kh2 h3 63. Rxg6 Rc1 0-1

[Event "Vienna op 16th"]
[Site "Vienna"]
[Date "2009.08.21"]
[Round "7"]
[White "Beckhuis, Gernod"]
[Black "Mack, Wolfgang"]
[Result "0-1"]
[WhiteElo "2327"]
[BlackElo "2223"]
[PlyCount "62"]
[EventDate "2009.08.15"]
[EventType "swiss"]
[EventRounds "9"]
[EventCountry "AUT"]
[SourceTitle "CBM 131 Extra"]
[Source "ChessBase"]
[SourceDate "2009.09.03"]
[SourceVersion "2"]
[SourceVersionDate "2009.09.16"]
[SourceQuality "1"]

1. d4 d6 2. e4 g6 3. c4 Bg7 4. Nc3 e5 5. Nf3 Nc6 6. Bg5 Bf6 7. Be3 Bg4 8. dxe5 Nxe5 9. Rc1 Nxf3+ 10. gxf3 Be6 11. Qd2 Bg7 12. Nd5 Nf6 13. Bd4 0-0 14. Qc3 Bxd5 15. cxd5 Re8 16. Kd1 c5 17. dxc6 bxc6 18. Qd2 d5 19. Rxc6 dxe4 20. Bxf6 Bxf6 21. Qxd8 Raxd8+ 22. Kc2 Rc8 23. Rxc8 Rxc8+ 24. Kb1 exf3 25. Bh3 Re8 26. Rc1 Re2 27. Rc2 Be5 28. Bg4 Bxh2 29. Rc8+ Kg7 30. Bxf3 Rxf2 31. Bd5 Be5 0-1

[Event "AUT-chT2O 0809"]
[Site "Austria"]
[Date "2009.03.01"]
[Round "9.1"]
[White "Beckhuis, Gernod"]
[Black "Varga, Zoltan"]
[Result "1/2-1/2"]
[WhiteElo "2348"]
[BlackElo "2494"]
[PlyCount "39"]
[EventDate "2008.10.03"]
[EventType "team-tourn"]
[EventRounds "11"]
[EventCountry "AUT"]
[SourceTitle "EXT 2010"]
[Source "ChessBase"]
[SourceDate "2010.11.25"]
[SourceVersion "1"]
[SourceVersionDate "2010.11.25"]
[SourceQuality "1"]
[WhiteTeam "Wien Austria"]
[BlackTeam "Lackenbach"]
[WhiteTeamCountry "AUT"]
[BlackTeamCountry "AUT"]

1. d4 d5 2. c4 dxc4 3. Nf3 Nf6 4. e3 e6 5. Bxc4 a6 6. 0-0 b5 7. Bd3 c5 8. dxc5 Bxc5 9. a4 b4 10. e4 Bb7 11. e5 Nfd7 12. Nbd2 Bd5 13. Ne4 Be7 14. Qe2 Nc6 15. Bf4 0-0 16. Rfe1 Qb8 17. Rac1 Ncxe5 18. Nxe5 Nxe5 19. Nc5 Qa7 20. Bxe5 1/2-1/2

[Event "Vienna"]
[Site "Vienna"]
[Date "2008.08.20"]
[Round "5"]
[White "Sulskis, Sarunas"]
[Black "Beckhuis, Gernod"]
[Result "1-0"]
[WhiteElo "2562"]
[BlackElo "2353"]
[PlyCount "107"]
[EventDate "2008.08.16"]
[EventType "tourn"]
[EventRounds "9"]
[EventCountry "AUT"]
[EventCategory "8"]
[SourceTitle "CBM 125 Extra"]
[Source "ChessBase"]
[SourceDate "2008.09.01"]
[SourceVersion "1"]
[SourceVersionDate "2008.09.01"]
[SourceQuality "1"]

1. e4 e5 2. Nf3 Nc6 3. Bb5 a6 4. Ba4 Nf6 5. 0-0 Be7 6. Re1 b5 7. Bb3 0-0 8. a4 b4 9. d4 d6 10. dxe5 dxe5 11. Nbd2 Bg4 12. h3 Bh5 13. Nc4 Qxd1 14. Rxd1 Nxe4 15. g4 Bg6 16. Nfxe5 Nxe5 17. Nxe5 Bc5 18. Nxg6 hxg6 19. Kg2 Rad8 20. Bf4 Nxf2 21. Rxd8 Rxd8 22. Rf1 Nd1 23. Bxf7+ Kxf7 24. Bg5+ Ke8 25. Re1+ Ne3+ 26. Bxe3 Bxe3 27. Kf3 Kf7 28. Rxe3 Rd2 29. Re2 Rd6 30. g5 Rc6 31. Kf4 a5 32. h4 Rc4+ 33. Ke5 Rxh4 34. Kd5 Rg4 35. Re5 Rg2 36. Kc4 Rxc2+ 37. Kb3 Rg2 38. Rxa5 Ke7 39. Rb5 Kd7 40. a5 Rg1 41. Kxb4 c6 42. Rc5 Kc7 43. Re5 Kb7 44. Kc5 Rg2 45. b4 Rg4 46. b5 cxb5 47. Kxb5 Rg1 48. a6+ Kc7 49. Re7+ Kd6 50. Rxg7 Rxg5+ 51. Kb6 Rg1 52. a7 Rb1+ 53. Ka6 Ra1+ 54. Kb7 1-0

[Event "Vienna"]
[Site "Vienna"]
[Date "2008.08.19"]
[Round "4"]
[White "Beckhuis, Gernod"]
[Black "Schroll, Gerhard"]
[Result "0-1"]
[WhiteElo "2353"]
[BlackElo "2436"]
[PlyCount "62"]
[EventDate "2008.08.16"]
[EventType "tourn"]
[EventRounds "9"]
[EventCountry "AUT"]
[EventCategory "8"]
[SourceTitle "CBM 125 Extra"]
[Source "ChessBase"]
[SourceDate "2008.09.01"]
[SourceVersion "1"]
[SourceVersionDate "2008.09.01"]
[SourceQuality "1"]

1. d4 d5 2. c4 e6 3. Nc3 Nf6 4. cxd5 exd5 5. Bg5 Be7 6. e3 c6 7. Qc2 Nbd7 8. Bd3 0-0 9. Nf3 Re8 10. 0-0 Nf8 11. h3 Ne4 12. Bf4 f5 13. Ne5 Bg5 14. Ne2 Bxf4 15. exf4 a5 16. f3 Nd6 17. g4 Qb6 18. Kh1 Qd8 19. Rf2 Ng6 20. Rg1 Rf8 21. Rh2 Be6 22. Qc1 Nc4 23. Ng3 Ncxe5 24. dxe5 Nh4 25. Qe3 d4 26. Qf2 Bd5 27. Be2 fxg4 28. Ne4 Nxf3 29. Bxf3 gxf3 30. Qxf3 Qh4 31. Rhg2 Rxf4 0-1

[Event "Vienna"]
[Site "Vienna"]
[Date "2008.08.18"]
[Round "3"]
[White "Kreisl, Robert"]
[Black "Beckhuis, Gernod"]
[Result "1-0"]
[WhiteElo "2337"]
[BlackElo "2353"]
[PlyCount "101"]
[EventDate "2008.08.16"]
[EventType "tourn"]
[EventRounds "9"]
[EventCountry "AUT"]
[EventCategory "8"]
[SourceTitle "CBM 125 Extra"]
[Source "ChessBase"]
[SourceDate "2008.09.01"]
[SourceVersion "1"]
[SourceVersionDate "2008.09.01"]
[SourceQuality "1"]

1. e4 e5 2. Nf3 Nc6 3. Bb5 a6 4. Bxc6 dxc6 5. 0-0 f6 6. d4 exd4 7. Nxd4 c5 8. Ne2 Qxd1 9. Rxd1 Bd7 10. Nbc3 0-0-0 11. Be3 Re8 12. Rd2 Bc6 13. Rad1 b6 14. a4 a5 15. Nf4 Nh6 16. Nfd5 Ng4 17. Bf4 Ne5 18. b3 c4 19. Nb5 Bxb5 20. axb5 Kb7 21. f3 cxb3 22. cxb3 Bc5+ 23. Be3 Nd7 24. Bf2 Bxf2+ 25. Kxf2 Nc5 26. b4 axb4 27. Nxb4 Ra8 28. Nc6 Ra3 29. Nd8+ Kc8 30. Nc6 Kb7 31. Rd8 Rxd8 32. Rxd8 Ra8 33. Rxa8 Kxa8 34. Ke3 Kb7 35. g3 Nb3 36. Nd8+ Kc8 37. Ne6 g6 38. Nf8 Kd8 39. Nxh7 Ke7 40. f4 Na5 41. e5 fxe5 42. fxe5 Nc4+ 43. Ke4 Na3 44. Nf6 Nxb5 45. Nd5+ Ke6 46. h4 c5 47. Nxb6 Nc3+ 48. Kf4 Nd5+ 49. Nxd5 Kxd5 50. h5 gxh5 51. Kf5 1-0

[Event "EU-ch 9th"]
[Site "Plovdiv"]
[Date "2008.04.29"]
[Round "8"]
[White "Naumann, Alexander"]
[Black "Beckhuis, Gernod"]
[Result "1-0"]
[WhiteElo "2523"]
[BlackElo "2350"]
[PlyCount "149"]
[EventDate "2008.04.21"]
[EventType "swiss"]
[EventRounds "11"]
[EventCountry "BUL"]
[SourceTitle "CBM 124"]
[Source "ChessBase"]
[SourceDate "2008.05.28"]
[SourceVersion "1"]
[SourceVersionDate "2008.05.28"]
[SourceQuality "1"]

1. e4 e5 2. Nf3 Nc6 3. Bb5 a6 4. Bxc6 dxc6 5. 0-0 Ne7 6. d3 Ng6 7. Nbd2 Bg4 8. h3 Be6 9. b3 Bc5 10. Nc4 f6 11. c3 Qd7 12. d4 0-0-0 13. Be3 Ba7 14. Ncd2 Nf4 15. Bxf4 exf4 16. Nh2 h5 17. Qf3 g5 18. Rfe1 Rdg8 19. Nc4 Qg7 20. Nb2 f5 21. Nd3 Kb8 22. h4 fxe4 23. Qxe4 Bd5 24. Qe7 gxh4 25. Qxg7 Rxg7 26. f3 h3 27. Nxf4 hxg2 28. Re2 Bf7 29. Rxg2 Rxg2+ 30. Kxg2 Re8 31. Rd1 a5 32. Nf1 b5 33. Ng3 c5 34. dxc5 Bxc5 35. Ne4 Rg8+ 36. Kh3 Be3 37. Nd5 Ba7 38. Ne7 Be6+ 39. Kh4 Rg2 40. Nc6+ Ka8 41. Rd8+ Kb7 42. Nxa5+ Kb6 43. b4 Rg8 44. Rxg8 Bxg8 45. a3 Bf7 46. Ng5 Bd5 47. Kxh5 c5 48. Ne4 cxb4 49. axb4 Bb8 50. Kg5 Be5 51. Kf5 Bg7 52. Nf6 Bxf3 53. Kg6 Bh8 54. Nb3 Be2 55. Nd4 Bc4 56. Kf5 Bg7 57. Kg6 Bh8 58. Nf3 Bd3+ 59. Kf7 Bc4+ 60. Kg6 Bd3+ 61. Kg5 Bg7 62. Ne5 Bc2 63. Nd5+ Kb7 64. Kf4 Bh6+ 65. Kf3 Bc1 66. Ke2 Bb3 67. Ne3 Kc7 68. Nd3 Ba3 69. Kd2 Bc4 70. Nxc4 bxc4 71. Ne5 Bb2 72. Nxc4 Ba1 73. Kc2 Kc6 74. Kb3 Kd5 75. Ne3+ 1-0

[Event "EU-ch 9th"]
[Site "Plovdiv"]
[Date "2008.04.23"]
[Round "3"]
[White "Beckhuis, Gernod"]
[Black "Kostopoulos, Evaggelos"]
[Result "1-0"]
[WhiteElo "2350"]
[BlackElo "2152"]
[PlyCount "67"]
[EventDate "2008.04.21"]
[EventType "swiss"]
[EventRounds "11"]
[EventCountry "BUL"]
[SourceTitle "CBM 124"]
[Source "ChessBase"]
[SourceDate "2008.05.28"]
[SourceVersion "1"]
[SourceVersionDate "2008.05.28"]
[SourceQuality "1"]

1. Nf3 d5 2. d4 Nf6 3. c4 e6 4. Nc3 Be7 5. Bg5 h6 6. Bh4 0-0 7. e3 b6 8. Qb3 Bb7 9. Bxf6 Bxf6 10. cxd5 exd5 11. Rd1 c6 12. Bd3 Nd7 13. 0-0 Be7 14. Bb1 Re8 15. a3 Bd6 16. e4 dxe4 17. Nxe4 Bf4 18. g3 Bc7 19. Ne5 Qe7 20. f4 c5 21. Qc2 Nf8 22. Ba2 Ne6 23. Nxf7 Qxf7 24. f5 Qh5 25. fxe6 Bd5 26. Bxd5 Qxd5 27. Nf6+ gxf6 28. Qg6+ Kh8 29. Qxh6+ Kg8 30. Qg6+ Kh8 31. Rxf6 Re7 32. Qh6+ Rh7 33. Rf8+ Rxf8 34. Qxf8# 1-0

[Event "AUT-chT2O 0708"]
[Site "Austria"]
[Date "2008.02.17"]
[Round "9.1"]
[White "Beckhuis, Gernod"]
[Black "Vlcek, Stanislav"]
[Result "0-1"]
[WhiteElo "2350"]
[BlackElo "2322"]
[PlyCount "82"]
[EventDate "2007.10.20"]
[EventType "team"]
[EventRounds "11"]
[EventCountry "AUT"]
[SourceTitle "EXT 2009"]
[Source "ChessBase"]
[SourceDate "2008.11.26"]
[SourceVersion "1"]
[SourceVersionDate "2008.11.26"]
[SourceQuality "1"]
[WhiteTeam "Wien Austria"]
[BlackTeam "Nickelsdorf"]
[WhiteTeamCountry "AUT"]
[BlackTeamCountry "AUT"]

1. d4 Nf6 2. c4 g6 3. Nc3 Bg7 4. e4 d6 5. Nf3 0-0 6. Be2 e5 7. 0-0 Qe8 8. d5 a5 9. Ne1 Na6 10. Nd3 Bd7 11. Be3 b6 12. g4 Qe7 13. Kh1 Nc5 14. Nxc5 dxc5 15. g5 Ne8 16. Nb5 Bxb5 17. cxb5 Nd6 18. Qc2 f6 19. Rg1 fxg5 20. Bxg5 Qe8 21. a4 Rxf2 22. Raf1 Qf7 23. Qd3 Rf8 24. Bg4 Kh8 25. Be6 Qe8 26. Rxf2 Rxf2 27. Rg3 Rxb2 28. Rh3 Qf8 29. Rf3 Qe8 30. Rh3 h5 31. Rf3 Rb4 32. Bf6 Bxf6 33. Rxf6 Kg7 34. Rf1 Qe7 35. Qg3 Rxe4 36. Bf5 Qf6 37. Bh3 Rf4 38. Re1 e4 39. Bg2 Qh4 40. Qc3+ Qf6 41. Qe3 Qe5 0-1

[Event "EU-ch 8th"]
[Site "Dresden"]
[Date "2007.04.04"]
[Round "2"]
[White "Stocek, Jiri"]
[Black "Beckhuis, Gernod"]
[Result "1-0"]
[WhiteElo "2567"]
[BlackElo "2313"]
[PlyCount "71"]
[EventDate "2007.04.03"]
[EventType "swiss"]
[EventRounds "11"]
[EventCountry "GER"]
[SourceTitle "CBM 118"]
[Source "ChessBase"]
[SourceDate "2007.05.31"]
[SourceVersion "1"]
[SourceVersionDate "2007.05.31"]
[SourceQuality "1"]

1. d4 Nf6 2. c4 e6 3. Nc3 Bb4 4. Nf3 c5 5. g3 cxd4 6. Nxd4 Ne4 7. Qb3 Qa5 8. Nc2 Bxc3+ 9. bxc3 b6 10. Bg2 Bb7 11. 0-0 Na6 12. Ba3 Nd2 13. Bxb7 Nxb3 14. axb3 Qxc3 15. Ne3 Nc7 16. Bd6 a5 17. Rfc1 Qd2 18. c5 Nb5 19. Bxa8 Nxd6 20. cxd6 0-0 21. Nc4 Qb4 22. Bf3 h6 23. Rab1 b5 24. Ne5 Qxd6 25. Nd3 Qa3 26. Ra1 Qxb3 27. Rxa5 d5 28. Ra7 Re8 29. Rcc7 e5 30. Rxf7 e4 31. Rxg7+ Kh8 32. Rh7+ Kg8 33. Rag7+ Kf8 34. Nf4 Qd1+ 35. Kg2 exf3+ 36. exf3 1-0